Harry Potter Character Loop Quiz Stats

 Plays Quiz not verified by Sporcle

Also try: Swap a Word: Books
Challenge
Share
Tweet
Embed
Score 0/32 Timer 08:00
3 Plays Today
Hint Character % Correct
????
100%
????
99%
????
97.4%
????
94.4%
????
91.4%
????
91.3%
????
85.2%
????
84.9%
????
81.4%
????
81.4%
????
80.8%
????
80.4%
????
79.9%
????
79.6%
????
79.5%
????
79.3%
Hint Character % Correct
????
74.7%
????
74.6%
????
74.3%
????
74.1%
????
66.2%
????
63.3%
????
46%
????
43.5%
????
42.7%
????
42.2%
????
41.8%
????
38.2%
????
38%
????
37.9%
????
37.8%
????
37.6%

You're not logged in!

Compare scores with friends on all Sporcle quizzes.
OR
Log In

You Might Also Like...

Show Comments

Extras

Top Quizzes Today


Score Distribution

Your Account Isn't Verified!

In order to create a playlist on Sporcle, you need to verify the email address you used during registration. Go to your Sporcle Settings to finish the process.

Report this User

Report this user for behavior that violates our Community Guidelines.

Details: